logo

Bir Sreshtho Munshi Abdur Rouf Library
Jhenaidah Cadet College

Medical Physiology : (Record no. 5607)

MARC details
000 -LEADER
fixed length control field 00663nam a2200229 a 4500
001 - CONTROL NUMBER
JCCL Control Number 5607
003 - CONTROL NUMBER IDENTIFIER
JCCL marc code BD-JhCC
005 - DATE AND TIME OF LATEST TRANSACTION
control field 20171219094058.0
008 - FIXED-LENGTH DATA ELEMENTS--GENERAL INFORMATION
fixed length control field 171218s2006 bg |||| ||a| 00| 0 eng d
035 ## - SYSTEM CONTROL NUMBER
system control number (BD-JhCC)5607
040 ## - CATALOGING SOURCE
Original cataloging agency BD-JhCC
Modifying agency BD-JhCC
041 ## - LANGUAGE CODE
Language code of Book eng
082 ## - DEWEY DECIMAL CLASSIFICATION NUMBER
Classification number 612
Author mark and Year MED 2006
245 ## - TITLE STATEMENT
Title Medical Physiology :
Remainder of title a comprehensive Guidebook for medical students and Doctors /
Statement of responsibility, etc edited by Aminur Rahman Azad
250 ## - EDITION STATEMENT
Edition statement 7th ed.
260 ## - PUBLICATION, DISTRIBUTION, ETC. (IMPRINT)
Place of publication, distribution, etc Chittaagong :
Name of publisher, distributor, etc The Vision Medical Series,
Date of publication, distribution, etc 2006.[reprinted]
300 ## - PHYSICAL DESCRIPTION
Pagination 646 p. :
Dimensions 27 cm.
650 ## - SUBJECT ADDED ENTRY--TOPICAL TERM
Topical term or geographic name as entry element Human Physiology
700 ## - ADDED ENTRY--PERSONAL NAME
Personal name Azad, Aminur Rahman
942 ## - ADDED ENTRY ELEMENTS (KOHA)
Source of classification or shelving scheme Dewey Decimal Classification
Koha item type Books
Holdings
Source of classification or shelving scheme Damaged status Not for loan Home library Current library Shelving location Total Checkouts Full call number Barcode Date last seen Copy number Koha item type
Dewey Decimal Classification     JCC Rouf Library JCC Rouf Library General Stacks   612 MED 2006 7846 12/18/2017 C - 1 Books

JCC Library | Contacts | JCC Home

Last Update on 23 September 2017
Copyright @ 2017-2020 JCC Rouf Library
Rouf Library, Jhenidah Cadet College (JCC), Bangladesh